Statistics for Every NFL Franchise's Starting Positions of All Time

Click here to take the quiz!

General Stats

  • This quiz has been taken 150 times
  • The average score is 74 of 128

Answer Stats

TeamPositionAnswer% Correct
Dallas CowboysRBEmmitt Smith
95%
Carolina PanthersWRSteve Smith
95%
Jacksonville JaguarsWRJimmy Smith
94%
Denver BroncosWRRod Smith
94%
Baltimore RavensWRTorrey Smith
94%
New York GiantsQBEli Manning
90%
Indianapolis ColtsQBPeyton Manning
90%
New England PatriotsQBTom Brady
89%
Cincinnati BengalsWRChad Johnson
88%
Atlanta FalconsWRJulio Jones
88%
Atlanta FalconsQBMatt Ryan
88%
Detroit LionsWRCalvin Johnson
87%
Houston TexansWRAndre Johnson
86%
Detroit LionsRBBarry Sanders
86%
Tampa Bay BuccaneersQBBrad Johnson
85%
Green Bay PackersQBBrett Favre
85%
New Orleans SaintsQBDrew Brees
85%
San Francisco 49ersQBJoe Montana
85%
Pittsburgh SteelersWRAntonio Brown
83%
Miami DolphinsQBDan Marino
83%
San Francisco 49ersWRJerry Rice
83%
Cleveland BrownsRBJim Brown
83%
Los Angeles ChargersWRKeenan Allen
83%
Oakland RaidersRBMarcus Allen
83%
Detroit LionsQBMatthew Stafford
83%
Seattle SeahawksQBRussell Wilson
83%
Dallas CowboysQBTroy Aikman
83%
Oakland RaidersWRTim Brown
82%
Baltimore RavensQBJoe Flacco
81%
Pittsburgh SteelersQBTerry Bradshaw
80%
Los Angeles RamsQBKurt Warner
79%
Arizona CardinalsWRLarry Fitzgerald
79%
Denver BroncosQBJohn Elway
78%
Minnesota Vikings | New England PatriotsWRRandy Moss
78%
Carolina PanthersQBCam Newton
77%
Arizona CardinalsQBCarson Palmer
77%
Pittsburgh SteelersRBFranco Harris
77%
New Orleans SaintsWRMichael Thomas
77%
Los Angeles ChargersQBPhillip Rivers
77%
Chicago BearsRBWalter Payton
77%
Dallas CowboysWRMichael Irvin
74%
Buffalo BillsQBJim Kelly
72%
Indianapolis ColtsWRMarvin Harrison
72%
Los Angeles ChargersRBLaDainian Tomlinson
71%
Minnesota VikingsRBAdrian Peterson
70%
Philadelphia EaglesWRDeSean Jackson
70%
Houston TexansQBDeshaun Watson
70%
Tampa Bay BuccaneersWRVincent Jackson
70%
New York JetsQBJoe Namath
68%
Cincinnati BengalsWRAJ Green
67%
Green Bay PackersRBAhman Green
66%
San Francisco 49ersWRTerrell Owens
66%
New England PatriotsWRJulian Edelman
65%
Houston TexansWRDeAndre Hopkins
64%
Los Angeles RamsRBEric Dickerson
64%
San Francisco 49ersRBFrank Gore
63%
Minnesota VikingsQBFran Tarkenton
62%
Cleveland BrownsQBOtto Graham
61%
Indianapolis ColtsWRReggie Wayne
61%
Tennessee TitansQBWarren Moon
60%
Buffalo BillsRBOJ Simpson
59%
Minnesota VikingsWRCris Carter
58%
Philadelphia EaglesRBLeSean McCoy
58%
Indianapolis ColtsRBEdgerrin James
57%
Atlanta FalconsWRRoddy White
57%
Seattle SeahawksRBShaun Alexander
57%
Seattle SeahawksWRSteve Largent
57%
Denver BroncosRBTerrell Davis
57%
Buffalo BillsWRAndre Reed
56%
Los Angeles RamsWRIsaac Bruce
56%
Washington RedskinsQBJoe Theismann
56%
Cincinnati BengalsQBKen Anderson
56%
Tampa Bay BuccaneersWRMike Evans
56%
Houston TexansRBArian Foster
55%
Los Angeles RamsWRTorry Holt
55%
New York JetsRBCurtis Martin
54%
Jacksonville JaguarsRBFred Taylor
53%
Baltimore RavensRBJamal Lewis
53%
New York GiantsRBTiki Barber
53%
Kansas City ChiefsRBJamaal Charles
52%
Kansas City ChiefsWROtis Taylor
52%
Kansas City ChiefsWRTyreek Hill
52%
Pittsburgh SteelersWRHines Ward
51%
Chicago BearsWRBrandon Marshall
50%
Seattle SeahawksWRDoug Baldwin
50%
Tennessee TitansRBEarl Campbell
50%
Philadelphia EaglesQBRandall Cunningham
50%
Chicago BearsQBJim McMahon
48%
New York GiantsWRVictor Cruz
48%
Oakland RaidersQBKen Stabler
47%
Jacksonville JaguarsQBMark Brunell
46%
Cincinnati Bengals | New England PatriotsRBCorey Dillon
45%
Kansas City ChiefsQBLen Dawson
44%
New Orleans SaintsWRMarques Colston
44%
Green Bay PackersWRSterling Sharpe
43%
Washington RedskinsWRArt Monk
42%
Carolina PanthersRBJonathan Stewart
41%
Washington RedskinsRBJohn Riggins
40%
Miami DolphinsRBLarry Csonka
39%
Miami DolphinsWRMark Clayton
39%
Arizona CardinalsWRAnquan Boldin
37%
Green Bay PackersWRDon Hutson
36%
New Orleans SaintsRBReggie Bush
35%
Miami DolphinsWRMark Duper
33%
Denver BroncosWREd McCaffrey
30%
Detroit LionsWRGolden Tate
30%
Dallas CowboysWRDrew Pearson
28%
Philadelphia EaglesWRHarold Carmichael
27%
Baltimore Ravens | Tennessee TitansWRDerrick Mason
26%
Atlanta Falcons | Tampa Bay BuccaneersRBWarrick Dunn
26%
New York GiantsWRAmani Toomer
25%
Oakland RaidersWRCliff Branch
23%
New York JetsWRWesley Walker
22%
Cleveland BrownsWRPaul Warfield
20%
Carolina PanthersWRMuhsin Muhammad
19%
Los Angeles ChargersWRCharlie Joiner
17%
Jacksonville JaguarsWRKeenan McCardell
16%
Arizona CardinalsRBBeanie Wells
15%
Chicago BearsWRWillie Gault
15%
Buffalo BillsWREric Moulds
10%
Tennessee TitansWRKevin Dyson
10%
New York JetsWRAl Toon
9%
Washington RedskinsWRGary Clark
9%
Cleveland BrownsWRWebster Slaughter
3%

Score Distribution

Percentile by Number Answered

Percent of People with Each Score

Your Score History

You have not taken this quiz